[Event "World Youth & Cadets Rapid Championships"]
[Site "Rhodes, Greece"]
[Date "2022.05.02"]
[Round "6.28"]
[White "Zhauynbay, Alimzhan"]
[Black "Modith, Aaroh Mutyalapati"]
[Result "0-1"]
[TimeControl "10'/game & 5\"/move"]
[WhiteElo "1172"]
[BlackElo "1598"]

1. e4 {[%clk 00:10:08]} {[%emt 00:00:02]} c5 {[%clk 00:10:08]} {[%emt
00:00:02]} 2. Nf3 {[%clk 00:10:11]} {[%emt 00:00:01]} d6 {[%clk 00:10:12]}
{[%emt 00:00:01]} 3. d4 {[%clk 00:10:16]} {[%emt 00:00:01]} cxd4 {[%clk
00:10:16]} 4. Nxd4 {[%clk 00:10:19]} {[%emt 00:00:01]} Nf6 {[%clk 00:10:20]}
{[%emt 00:00:01]} 5. Nc3 {[%clk 00:10:23]} {[%emt 00:00:02]} g6 {[%clk
00:10:24]} {[%emt 00:00:01]} 6. Be3 {[%clk 00:10:26]} {[%emt 00:00:01]} Bg7
{[%clk 00:10:28]} 7. Qd2 {[%clk 00:10:28]} {[%emt 00:00:03]} O-O {[%clk
00:10:31]} {[%emt 00:00:02]} 8. Bc4 {[%clk 00:10:33]} {[%emt 00:00:01]} Nc6
{[%clk 00:10:35]} {[%emt 00:00:01]} 9. O-O-O {[%clk 00:10:34]} {[%emt
00:00:03]} Bd7 {[%clk 00:10:39]} {[%emt 00:00:02]} 10. f3 {[%clk 00:10:38]}
{[%emt 00:00:01]} Rc8 {[%clk 00:10:43]} {[%emt 00:00:01]} 11. Bb3 {[%clk
00:10:42]} Ne5 {[%clk 00:10:47]} 12. h4 {[%clk 00:10:45]} {[%emt 00:00:02]} Nc4
{[%clk 00:10:51]} 13. Bxc4 {[%clk 00:10:41]} {[%emt 00:00:10]} Rxc4 {[%clk
00:10:54]} {[%emt 00:00:01]} 14. g4 {[%clk 00:10:44]} {[%emt 00:00:02]} Qa5
{[%clk 00:10:42]} {[%emt 00:00:17]} 15. Nb3 {[%clk 00:10:42]} {[%emt 00:00:08]}
Qc7 {[%clk 00:10:38]} {[%emt 00:00:09]} 16. h5 {[%clk 00:10:33]} {[%emt
00:00:14]} b5 {[%clk 00:10:40]} {[%emt 00:00:03]} 17. hxg6 {[%clk 00:10:35]}
{[%emt 00:00:02]} fxg6 {[%clk 00:10:41]} {[%emt 00:00:04]} 18. g5 {[%clk
00:10:15]} {[%emt 00:00:26]} b4 {[%clk 00:10:17]} {[%emt 00:00:29]} 19. gxf6
{[%clk 00:10:01]} {[%emt 00:00:19]} bxc3 {[%clk 00:10:19]} {[%emt 00:00:02]} 20.
Qh2 {[%clk 00:10:04]} {[%emt 00:00:02]} cxb2+ {[%clk 00:10:08]} {[%emt
00:00:17]} 21. Kb1 {[%clk 00:10:03]} {[%emt 00:00:06]} Rxf6 {[%clk 00:09:57]}
{[%emt 00:00:15]} 22. Qxh7+ {[%clk 00:10:04]} {[%emt 00:00:04]} Kf8 {[%clk
00:10:00]} {[%emt 00:00:02]} 23. Bd4 {[%clk 00:09:50]} {[%emt 00:00:19]} e5
{[%clk 00:10:02]} {[%emt 00:00:04]} 24. Be3 {[%clk 00:09:42]} {[%emt 00:00:12]}
Rxc2 {[%clk 00:09:50]} {[%emt 00:00:16]} 25. Bh6 {[%clk 00:09:32]} {[%emt
00:00:16]} Bxh6 {[%clk 00:09:42]} {[%emt 00:00:14]} 26. Qh8+ {[%clk 00:09:35]}
{[%emt 00:00:01]} Ke7 {[%clk 00:09:38]} {[%emt 00:00:09]} 27. Rxh6 {[%clk
00:09:33]} {[%emt 00:00:08]} Rc1+ {[%clk 00:09:24]} {[%emt 00:00:19]} 28. Rxc1
{[%clk 00:09:06]} {[%emt 00:00:32]} bxc1=Q+ 29. Nxc1 {[%clk 00:09:10]} Qb6+
{[%clk 00:09:23]} {[%emt 00:00:05]} 30. Nb3 {[%clk 00:09:14]} {[%emt 00:00:01]}
Qg1+ {[%clk 00:09:26]} {[%emt 00:00:02]} 31. Kc2 {[%clk 00:09:15]} {[%emt
00:00:03]} Qf2+ {[%clk 00:09:28]} {[%emt 00:00:03]} 32. Kc3 {[%clk 00:09:13]}
{[%emt 00:00:07]} Rxf3+ {[%clk 00:09:24]} {[%emt 00:00:10]} 33. Kb4 {[%clk
00:09:16]} Qb6+ {[%clk 00:09:17]} {[%emt 00:00:12]} 34. Ka3 {[%clk 00:09:18]}
{[%emt 00:00:03]} Qa6+ {[%clk 00:09:08]} {[%emt 00:00:14]} 35. Kb2 {[%clk
00:09:17]} {[%emt 00:00:07]} Rf2+ {[%clk 00:09:12]} 36. Kb1 {[%clk 00:09:13]}
{[%emt 00:00:07]} Qf1+ {[%clk 00:09:14]} {[%emt 00:00:04]} 37. Nc1 {[%clk
00:09:15]} {[%emt 00:00:03]} Qb5+ {[%clk 00:09:11]} {[%emt 00:00:08]} 38. Nb3
{[%clk 00:09:20]} {[%emt 00:00:01]} Qd3+ {[%clk 00:09:15]} {[%emt 00:00:01]} 39.
Ka1 {[%clk 00:07:38]} {[%emt 00:01:46]} Qd1+ {[%clk 00:09:18]} {[%emt
00:00:03]} 40. Nc1 {[%clk 00:06:51]} {[%emt 00:00:50]} Qxc1# {[%emt 00:00:14]}
0-1

[Event "World Youth & Cadets Rapid Championships"]
[Site "Rhodes, Greece"]
[Date "2022.05.02"]
[Round "6.29"]
[White "Jakhria, Kushal"]
[Black "Kukushkin, Ivan"]
[Result "1-0"]
[TimeControl "10'/game & 5\"/move"]
[WhiteElo "1367"]
[BlackElo "1086"]

1. d4 {[%clk 00:10:06]} {[%emt 00:00:04]} Nf6 {[%clk 00:10:10]} {[%emt
00:00:02]} 2. c4 {[%clk 00:10:10]} {[%emt 00:00:01]} g6 {[%clk 00:10:14]}
{[%emt 00:00:01]} 3. Nc3 {[%clk 00:10:12]} {[%emt 00:00:02]} Bg7 {[%clk
00:10:18]} {[%emt 00:00:01]} 4. e4 {[%clk 00:10:16]} {[%emt 00:00:01]} d6
{[%clk 00:10:22]} {[%emt 00:00:01]} 5. Nf3 {[%clk 00:10:20]} {[%emt 00:00:01]}
O-O {[%clk 00:10:24]} {[%emt 00:00:03]} 6. Be2 {[%clk 00:10:25]} e5 {[%clk
00:10:27]} {[%emt 00:00:02]} 7. Be3 {[%clk 00:10:29]} {[%emt 00:00:01]} exd4
{[%clk 00:10:28]} 8. Nxd4 {[%clk 00:10:34]} Re8 {[%clk 00:10:29]} {[%emt
00:00:04]} 9. f3 {[%clk 00:10:37]} {[%emt 00:00:02]} c6 {[%clk 00:10:27]}
{[%emt 00:00:07]} 10. Bf2 {[%clk 00:10:41]} Be6 {[%clk 00:10:28]} {[%emt
00:00:05]} 11. Nxe6 {[%clk 00:10:38]} {[%emt 00:00:08]} Rxe6 {[%clk 00:10:30]}
{[%emt 00:00:02]} 12. O-O {[%clk 00:10:37]} {[%emt 00:00:05]} Nbd7 {[%clk
00:10:28]} {[%emt 00:00:08]} 13. Bg3 {[%clk 00:10:30]} {[%emt 00:00:12]} Nb6
{[%clk 00:10:30]} {[%emt 00:00:03]} 14. Qd2 {[%clk 00:10:20]} {[%emt 00:00:15]}
Qd7 {[%clk 00:10:31]} {[%emt 00:00:05]} 15. Rad1 {[%clk 00:10:18]} {[%emt
00:00:06]} Rd8 {[%clk 00:10:34]} {[%emt 00:00:02]} 16. Rfe1 {[%clk 00:10:12]}
{[%emt 00:00:11]} Qe8 {[%clk 00:10:21]} {[%emt 00:00:19]} 17. c5 {[%emt
00:00:27]} Nc8 {[%clk 00:10:02]} 18. cxd6 {[%clk 00:10:13]} {[%emt 00:00:03]}
Nxd6 {[%clk 00:09:53]} {[%emt 00:00:15]} 19. Bc4 {[%clk 00:10:05]} {[%emt
00:00:13]} Re7 {[%clk 00:09:44]} {[%emt 00:00:14]} 20. Bxd6 {[%clk 00:10:08]}
{[%emt 00:00:02]} Red7 {[%clk 00:09:48]} {[%emt 00:00:01]} 21. e5 {[%clk
00:10:11]} {[%emt 00:00:02]} Nh5 {[%clk 00:09:33]} {[%emt 00:00:20]} 22. e6
{[%clk 00:09:48]} {[%emt 00:00:28]} Kh8 {[%clk 00:08:29]} {[%emt 00:01:09]} 23.
exd7 {[%clk 00:09:50]} {[%emt 00:00:03]} Qxd7 {[%clk 00:08:31]} {[%emt
00:00:03]} 24. Re7 {[%clk 00:09:49]} {[%emt 00:00:06]} Qf5 {[%clk 00:08:07]}
{[%emt 00:00:30]} 25. Rxf7 {[%clk 00:09:43]} {[%emt 00:00:10]} Qa5 {[%clk
00:08:01]} {[%emt 00:00:11]} 26. Be5 {[%clk 00:09:39]} {[%emt 00:00:09]} Qc5+
{[%clk 00:07:42]} {[%emt 00:00:24]} 27. Qf2 {[%clk 00:00:00]} {[%emt 00:01:11]}
Rxd1+ {[%clk 00:09:42]} {[%emt 00:01:14]} 28. Nxd1 {[%clk 00:09:44]} {[%emt
00:00:02]} Qxe5 {[%clk 00:09:40]} {[%emt 00:00:06]} 29. Rxb7 {[%clk 00:09:26]}
{[%emt 00:00:23]} Qd6 {[%clk 00:09:38]} {[%emt 00:00:08]} 30. Be2 {[%clk
00:09:07]} {[%emt 00:00:23]} Nf4 {[%clk 00:09:25]} {[%emt 00:00:19]} 31. Rxg7
{[%clk 00:08:13]} {[%emt 00:00:58]} Kxg7 {[%clk 00:09:14]} {[%emt 00:00:15]} 32.
Qxa7+ {[%clk 00:08:16]} {[%emt 00:00:04]} Kh6 {[%clk 00:09:16]} {[%emt
00:00:01]} 33. Qe3 {[%clk 00:08:14]} {[%emt 00:00:08]} g5 {[%clk 00:09:15]}
{[%emt 00:00:06]} 34. g3 {[%clk 00:08:09]} {[%emt 00:00:10]} Nxe2+ {[%clk
00:09:06]} {[%emt 00:00:15]} 35. Qxe2 {[%clk 00:08:12]} {[%emt 00:00:02]} Qd4+
{[%clk 00:09:10]} 36. Nf2 {[%clk 00:08:11]} {[%emt 00:00:05]} Qd6 {[%clk
00:09:06]} {[%emt 00:00:09]} 37. Ng4+ {[%clk 00:08:14]} {[%emt 00:00:03]} Kg6
{[%clk 00:08:54]} {[%emt 00:00:17]} 38. Qe8+ {[%clk 00:08:17]} {[%emt
00:00:02]} Kg7 {[%clk 00:08:53]} 39. Qe5+ {[%clk 00:08:19]} {[%emt 00:00:09]}
Qxe5 {[%clk 00:08:56]} {[%emt 00:00:02]} 40. Nxe5 {[%clk 00:08:23]} c5 {[%clk
00:09:00]} {[%emt 00:00:02]} 41. a4 {[%clk 00:08:27]} {[%emt 00:00:01]} Kf6
{[%clk 00:09:04]} {[%emt 00:00:01]} 42. Ng4+ {[%clk 00:08:30]} {[%emt
00:00:01]} Ke7 {[%clk 00:09:08]} 43. a5 {[%clk 00:08:35]} Kd7 {[%clk 00:09:12]}
44. Nf6+ {[%clk 00:08:38]} {[%emt 00:00:02]} Kc6 45. Nxh7 {[%clk 00:08:42]} Kb5
46. Nxg5 {[%clk 00:08:45]} {[%emt 00:00:01]} Kxa5 {[%clk 00:09:25]} 47. h4
{[%clk 00:08:47]} {[%emt 00:00:02]} Kb4 {[%clk 00:09:30]} {[%emt 00:00:01]} 48.
h5 {[%clk 00:08:52]} Kb3 49. h6 {[%clk 00:08:56]} Kxb2 {[%clk 00:09:38]} {[%emt
00:00:02]} 50. h7 {[%clk 00:08:59]} c4 {[%clk 00:09:42]} 51. h8=Q+ {[%clk
00:09:00]} {[%emt 00:00:05]} c3 {[%clk 00:09:46]} 52. Ne4 {[%clk 00:09:02]}
{[%emt 00:00:03]} Kb1 {[%clk 00:09:50]} {[%emt 00:00:02]} 53. Qxc3 {[%clk
00:09:03]} {[%emt 00:00:03]} Ka2 {[%clk 00:09:52]} {[%emt 00:00:03]} 54. g4
{[%clk 00:09:03]} {[%emt 00:00:05]} Kb1 {[%clk 00:09:56]} {[%emt 00:00:01]} 55.
Nd2+ {[%clk 00:09:06]} {[%emt 00:00:02]} Ka2 {[%clk 00:10:00]} {[%emt
00:00:01]} 56. Qb3+ {[%clk 00:09:10]} Ka1 {[%clk 00:10:04]} {[%emt 00:00:01]}
57. Qa3# {[%clk 00:09:15]} 1-0

[Event "World Youth & Cadets Rapid Championships"]
[Site "Rhodes, Greece"]
[Date "2022.05.02"]
[Round "6.30"]
[White "Pathak, Raghav"]
[Black "Tamiolakis, Grigorios"]
[Result "1/2-1/2"]
[TimeControl "10'/game & 5\"/move"]
[WhiteElo "1415"]
[BlackElo "1187"]

1. e4 {[%clk 00:10:09]} c5 {[%clk 00:10:09]} {[%emt 00:00:03]} 2. Nc3 {[%clk
00:10:12]} {[%emt 00:00:01]} e6 {[%clk 00:10:10]} {[%emt 00:00:04]} 3. f4
{[%clk 00:10:15]} {[%emt 00:00:01]} a6 {[%clk 00:10:00]} {[%emt 00:00:16]} 4.
Nf3 {[%clk 00:10:18]} {[%emt 00:00:01]} Qc7 {[%clk 00:09:55]} {[%emt 00:00:10]}
5. d3 {[%clk 00:10:16]} {[%emt 00:00:07]} b5 {[%clk 00:09:50]} {[%emt
00:00:11]} 6. a3 {[%clk 00:10:10]} {[%emt 00:00:09]} Bb7 {[%clk 00:09:52]}
{[%emt 00:00:05]} 7. Be2 {[%clk 00:10:12]} {[%emt 00:00:02]} d6 {[%clk
00:09:55]} {[%emt 00:00:03]} 8. O-O {[%clk 00:10:14]} {[%emt 00:00:02]} Nd7
{[%clk 00:09:48]} {[%emt 00:00:13]} 9. Be3 {[%clk 00:10:10]} {[%emt 00:00:09]}
Ngf6 {[%clk 00:09:22]} {[%emt 00:00:31]} 10. Kh1 {[%clk 00:09:57]} {[%emt
00:00:17]} Be7 {[%clk 00:09:23]} {[%emt 00:00:04]} 11. e5 {[%clk 00:09:56]}
{[%emt 00:00:07]} dxe5 {[%clk 00:09:21]} {[%emt 00:00:07]} 12. fxe5 {[%emt
00:00:04]} Nd5 {[%clk 00:09:11]} {[%emt 00:00:12]} 13. Nxd5 {[%clk 00:09:55]}
{[%emt 00:00:10]} Bxd5 {[%clk 00:09:11]} {[%emt 00:00:05]} 14. c3 {[%clk
00:09:52]} {[%emt 00:00:08]} O-O {[%clk 00:09:12]} {[%emt 00:00:04]} 15. d4
{[%clk 00:09:55]} {[%emt 00:00:01]} c4 {[%clk 00:09:12]} {[%emt 00:00:06]} 16.
Qe1 {[%clk 00:09:45]} {[%emt 00:00:15]} Rac8 {[%clk 00:08:33]} {[%emt
00:00:44]} 17. Qg3 {[%clk 00:09:41]} {[%emt 00:00:07]} Kh8 {[%clk 00:08:15]}
{[%emt 00:00:25]} 18. Ng5 {[%clk 00:09:42]} {[%emt 00:00:02]} f6 {[%clk
00:07:34]} {[%emt 00:00:48]} 19. exf6 {[%clk 00:09:18]} {[%emt 00:00:28]} Qxg3
{[%clk 00:07:36]} {[%emt 00:00:03]} 20. fxg7+ {[%clk 00:09:11]} {[%emt
00:00:12]} Kxg7 {[%clk 00:07:33]} {[%emt 00:00:09]} 21. hxg3 {[%clk 00:09:14]}
{[%emt 00:00:01]} Bxg5 {[%clk 00:07:15]} {[%emt 00:00:23]} 22. Bxg5 {[%clk
00:09:16]} {[%emt 00:00:02]} h6 {[%clk 00:05:53]} {[%emt 00:01:28]} 23. Be3
{[%clk 00:09:07]} {[%emt 00:00:12]} Nf6 {[%clk 00:04:54]} {[%emt 00:01:08]} 24.
Kh2 {[%clk 00:08:29]} {[%emt 00:00:42]} Rf7 {[%clk 00:04:04]} {[%emt 00:00:54]}
25. Bf4 {[%clk 00:08:06]} {[%emt 00:00:29]} Rcf8 {[%clk 00:03:54]} {[%emt
00:00:13]} 26. Be5 {[%clk 00:08:09]} {[%emt 00:00:03]} Kh7 {[%clk 00:03:46]}
{[%emt 00:00:14]} 27. Bf3 {[%clk 00:07:43]} {[%emt 00:00:30]} Ng4+ {[%clk
00:03:38]} {[%emt 00:00:15]} 28. Kh3 {[%clk 00:07:35]} {[%emt 00:00:12]} Bxf3
{[%clk 00:03:24]} {[%emt 00:00:19]} 29. gxf3 {[%clk 00:07:34]} {[%emt
00:00:06]} Nxe5 {[%clk 00:03:25]} {[%emt 00:00:04]} 30. dxe5 {[%clk 00:07:38]}
{[%emt 00:00:01]} Rxf3 {[%clk 00:03:27]} {[%emt 00:00:03]} 31. Rxf3 {[%clk
00:07:39]} {[%emt 00:00:04]} Rxf3 {[%clk 00:03:29]} {[%emt 00:00:03]} 32. Rd1
{[%clk 00:07:40]} {[%emt 00:00:04]} Rf2 {[%clk 00:03:31]} {[%emt 00:00:03]} 33.
Rd7+ {[%clk 00:07:42]} {[%emt 00:00:03]} Kg6 {[%clk 00:03:35]} {[%emt
00:00:02]} 34. Rd6 {[%clk 00:07:46]} Kf7 {[%clk 00:03:08]} {[%emt 00:00:32]} 35.
Rxa6 {[%clk 00:07:49]} {[%emt 00:00:02]} Rxb2 {[%clk 00:03:11]} {[%emt
00:00:03]} 36. Rb6 {[%clk 00:07:52]} {[%emt 00:00:01]} Ra2 {[%clk 00:03:11]}
{[%emt 00:00:06]} 37. Rxb5 {[%clk 00:07:39]} {[%emt 00:00:17]} Rxa3 {[%clk
00:03:14]} {[%emt 00:00:02]} 38. Rb7+ {[%clk 00:07:42]} {[%emt 00:00:02]} Kg6
{[%clk 00:03:18]} {[%emt 00:00:01]} 39. Kg4 {[%clk 00:07:46]} {[%emt 00:00:01]}
Rxc3 {[%clk 00:03:06]} {[%emt 00:00:17]} 40. Re7 {[%clk 00:07:49]} {[%emt
00:00:02]} h5+ {[%clk 00:03:05]} {[%emt 00:00:06]} 41. Kf4 {[%clk 00:07:51]}
{[%emt 00:00:02]} Rd3 {[%clk 00:02:55]} {[%emt 00:00:15]} 42. Rxe6+ {[%clk
00:07:54]} {[%emt 00:00:03]} Kf7 {[%clk 00:02:57]} {[%emt 00:00:04]} 43. Rc6
{[%clk 00:07:57]} c3 {[%clk 00:03:00]} {[%emt 00:00:02]} 44. e6+ {[%clk
00:07:43]} {[%emt 00:00:20]} Ke7 {[%clk 00:03:01]} {[%emt 00:00:03]} 45. Ke5
{[%clk 00:07:42]} {[%emt 00:00:05]} Rxg3 {[%clk 00:02:47]} {[%emt 00:00:19]} 46.
Rc7+ {[%clk 00:07:47]} Kd8 {[%clk 00:02:38]} {[%emt 00:00:15]} 47. Rd7+ {[%clk
00:07:42]} {[%emt 00:00:09]} Ke8 {[%clk 00:02:38]} {[%emt 00:00:05]} 48. Rc7
{[%clk 00:07:36]} {[%emt 00:00:10]} h4 {[%clk 00:02:05]} {[%emt 00:00:38]} 49.
e7 {[%clk 00:07:32]} {[%emt 00:00:06]} Re3+ {[%clk 00:01:54]} {[%emt 00:00:20]}
50. Kf6 {[%clk 00:07:32]} {[%emt 00:00:04]} Rf3+ {[%clk 00:01:57]} {[%emt
00:00:03]} 51. Ke6 {[%clk 00:07:36]} Re3+ {[%clk 00:02:00]} {[%emt 00:00:02]}
52. Kd6 {[%clk 00:07:40]} {[%emt 00:00:02]} h3 {[%clk 00:01:30]} {[%emt
00:00:34]} 53. Rc8+ {[%clk 00:07:25]} {[%emt 00:00:20]} Kf7 {[%clk 00:01:33]}
{[%emt 00:00:02]} 54. Rf8+ {[%clk 00:07:18]} {[%emt 00:00:12]} Kg7 {[%clk
00:01:33]} {[%emt 00:00:04]} 55. Rf2 {[%clk 00:07:08]} {[%emt 00:00:15]} Rd3+
{[%clk 00:01:32]} {[%emt 00:00:07]} 56. Kc5 {[%clk 00:07:11]} {[%emt 00:00:02]}
Re3 {[%clk 00:01:31]} {[%emt 00:00:05]} 57. Kd6 {[%clk 00:07:14]} {[%emt
00:00:03]} Rd3+ {[%clk 00:01:34]} {[%emt 00:00:02]} 58. Kc5 {[%clk 00:06:35]}
{[%emt 00:00:44]} Re3 {[%clk 00:01:37]} {[%emt 00:00:02]} 1/2-1/2

[Event "World Youth & Cadets Rapid Championships"]
[Site "Rhodes, Greece"]
[Date "2022.05.02"]
[Round "6.31"]
[White "Nurgali, Nazerke"]
[Black "Czarnecka, Lidia"]
[Result "1/2-1/2"]
[TimeControl "10'/game & 5\"/move"]
[WhiteElo "2056"]
[BlackElo "1917"]

1. d4 {[%clk 00:10:08]} {[%emt 00:00:01]} d5 {[%clk 00:10:09]} {[%emt
00:00:02]} 2. c4 {[%clk 00:10:11]} {[%emt 00:00:02]} c6 {[%clk 00:10:12]}
{[%emt 00:00:02]} 3. cxd5 {[%clk 00:10:13]} {[%emt 00:00:03]} cxd5 {[%clk
00:10:15]} {[%emt 00:00:01]} 4. Nc3 {[%clk 00:10:16]} {[%emt 00:00:03]} Nf6
{[%clk 00:10:17]} {[%emt 00:00:03]} 5. Bf4 {[%clk 00:10:17]} {[%emt 00:00:04]}
a6 {[%clk 00:10:20]} {[%emt 00:00:02]} 6. e3 {[%clk 00:10:17]} {[%emt
00:00:05]} Nc6 {[%clk 00:10:19]} {[%emt 00:00:06]} 7. Rc1 {[%clk 00:10:18]}
{[%emt 00:00:03]} e6 {[%clk 00:10:17]} {[%emt 00:00:08]} 8. Nf3 {[%clk
00:10:18]} {[%emt 00:00:05]} Be7 {[%clk 00:10:18]} {[%emt 00:00:03]} 9. Bd3
{[%clk 00:10:16]} {[%emt 00:00:07]} O-O {[%clk 00:10:21]} {[%emt 00:00:03]} 10.
O-O {[%clk 00:10:10]} {[%emt 00:00:11]} Bd7 {[%clk 00:10:03]} {[%emt 00:00:24]}
11. h3 {[%clk 00:10:07]} {[%emt 00:00:07]} b5 {[%clk 00:09:49]} {[%emt
00:00:19]} 12. Ne5 {[%clk 00:09:58]} {[%emt 00:00:14]} Rc8 {[%clk 00:09:51]}
{[%emt 00:00:04]} 13. a3 {[%clk 00:09:13]} {[%emt 00:00:49]} Na5 {[%clk
00:09:42]} {[%emt 00:00:14]} 14. Bb1 {[%clk 00:08:14]} {[%emt 00:01:05]} Nc4
{[%clk 00:09:29]} {[%emt 00:00:17]} 15. Qc2 {[%clk 00:07:55]} {[%emt 00:00:24]}
g6 {[%clk 00:08:28]} {[%emt 00:01:06]} 16. Nxc4 {[%clk 00:07:51]} {[%emt
00:00:09]} Rxc4 {[%clk 00:08:20]} {[%emt 00:00:14]} 17. Ba2 {[%clk 00:07:31]}
{[%emt 00:00:24]} Rc8 {[%clk 00:08:19]} {[%emt 00:00:06]} 18. Qd3 {[%clk
00:06:52]} {[%emt 00:00:44]} Qb6 {[%clk 00:08:10]} {[%emt 00:00:13]} 19. e4
{[%clk 00:06:22]} {[%emt 00:00:36]} dxe4 {[%clk 00:08:08]} {[%emt 00:00:07]} 20.
Nxe4 {[%clk 00:06:26]} {[%emt 00:00:01]} Nxe4 {[%clk 00:08:05]} {[%emt
00:00:08]} 21. Qxe4 {[%clk 00:06:29]} {[%emt 00:00:02]} Bf6 {[%clk 00:08:08]}
{[%emt 00:00:02]} 22. Be3 {[%clk 00:06:10]} {[%emt 00:00:24]} Qd6 {[%clk
00:07:41]} {[%emt 00:00:32]} 23. Rfd1 {[%clk 00:05:36]} {[%emt 00:00:39]} Bc6
{[%clk 00:07:46]} {[%emt 00:00:01]} 24. Qg4 {[%clk 00:05:11]} {[%emt 00:00:29]}
Bd5 {[%clk 00:07:31]} {[%emt 00:00:20]} 25. Bf4 {[%clk 00:04:32]} {[%emt
00:00:43]} Qd7 {[%clk 00:07:30]} {[%emt 00:00:07]} 26. Rxc8 {[%clk 00:04:11]}
{[%emt 00:00:27]} Rxc8 {[%clk 00:07:33]} {[%emt 00:00:01]} 27. Be5 {[%clk
00:04:00]} {[%emt 00:00:16]} Bg7 {[%clk 00:06:55]} {[%emt 00:00:43]} 28. Bb1
{[%clk 00:03:16]} {[%emt 00:00:50]} Bb3 {[%clk 00:06:56]} {[%emt 00:00:03]} 29.
Re1 {[%clk 00:03:16]} {[%emt 00:00:06]} Bc2 {[%clk 00:06:49]} {[%emt 00:00:11]}
30. Ba2 {[%clk 00:02:45]} {[%emt 00:00:36]} Bxe5 {[%clk 00:05:58]} {[%emt
00:00:56]} 31. Rxe5 {[%clk 00:02:31]} {[%emt 00:00:19]} Bf5 {[%clk 00:05:49]}
{[%emt 00:00:14]} 32. Qf4 {[%clk 00:02:31]} {[%emt 00:00:05]} Qc7 {[%clk
00:04:13]} {[%emt 00:01:41]} 33. d5 {[%clk 00:01:31]} {[%emt 00:01:05]} f6
{[%clk 00:03:21]} {[%emt 00:00:57]} 34. Rxf5 {[%clk 00:01:26]} {[%emt
00:00:10]} gxf5 {[%emt 00:00:04]} 35. Qf3 {[%clk 00:00:53]} {[%emt 00:00:37]}
Qe5 {[%clk 00:03:27]} {[%emt 00:00:01]} 36. g3 {[%clk 00:00:37]} {[%emt
00:00:21]} Qxb2 {[%clk 00:03:31]} {[%emt 00:00:01]} 37. Bb3 {[%emt 00:01:54]}
Rc3 {[%clk 00:02:04]} 38. Qh5 {[%clk 00:00:23]} {[%emt 00:00:01]} Rc8 {[%clk
00:00:48]} {[%emt 00:01:22]} 39. dxe6 {[%clk 00:00:26]} {[%emt 00:00:01]} Qxb3
{[%clk 00:00:22]} {[%emt 00:00:32]} 40. Qf7+ {[%clk 00:00:28]} {[%emt
00:00:04]} Kh8 {[%clk 00:00:27]} 41. Qxf6+ {[%clk 00:00:31]} {[%emt 00:00:02]}
Kg8 {[%clk 00:00:31]} 42. Qf7+ {[%clk 00:00:24]} {[%emt 00:00:12]} Kh8 {[%clk
00:00:36]} 43. Qf6+ {[%clk 00:00:25]} {[%emt 00:00:04]} Kg8 {[%clk 00:00:40]}
1/2-1/2